| 000 | 00778 a2200193 4500 | ||
|---|---|---|---|
| 999 |
_c3844 _d3844 |
||
| 020 | _a9780415092968 | ||
| 050 | 0 | 0 | _aLB 1725.G6 1993 |
| 245 | 0 | 0 |
_aDeveloping teachers professionally : _breflections for initial and in-service trainers / _cedited by David Bridges and Trevor Kerry. |
| 264 |
_aNew York: _bRoutledge, _c1993 |
||
| 300 | _ax, 188p. : | ||
| 500 | _aIncludes bibliographical references and index. | ||
| 504 | _aIncludes bibliographical references and index. | ||
| 650 | 0 |
_aTeachers _xTraining of |
|
| 650 | 0 |
_aTeachers _xIn-service training |
|
| 700 | 1 |
_aBridges, David, _d1941- _eEditor |
|
| 700 | 1 |
_aKerry, Trevor. _eEditor |
|
| 942 |
_2lcc _cBK _h1725.G6 _iBRI _kLB |
||